México, el exilio bien temprano (Record no. 10667)

MARC details
000 -CABECERA
campo de control de longitud fija 01094nam a2200277 a 4500
001 - NÚMERO DE CONTROL
campo de control BRL_1859
005 - FECHA Y HORA DE LA ÚLTIMA TRANSACCIÓN
campo de control 20190320211412.0
008 - DATOS DE LONGITUD FIJA--INFORMACIÓN GENERAL
campo de control de longitud fija 100815s1995----mx-o######---#000-0#spa-#
020 ## - NÚMERO INTERNACIONAL ESTÁNDAR DEL LIBRO
Número Internacional Estándar del Libro 9683644481
041 ## - CÓDIGO DE LENGUA
Código de lengua del texto/banda sonora o título independiente spa
044 ## - CÓDIGO DEL PAÍS DE LA ENTIDAD EDITORA/PRODUCTORA
Código MARC del país mx
050 #4 - SIGNATURA TOPOGRÁFICA DE LA BIBLIOTECA DEL CONGRESO
Número de clasificación F1392.G4
Número de documento/Ítem .M64 1995
245 10 - MENCIÓN DE TÍTULO
Título México, el exilio bien temprano
Mención de responsabilidad, etc. Editoras Renata von Hanffstengel y Cecilia Tercero Vasconcelos.
260 ## - PUBLICACIÓN, DISTRIBUCIÓN, ETC.
Lugar de publicación, distribución, etc. México
Nombre del editor, distribuidor, etc. Instituto de Investigaciones Interculturales Germano-Mexicanas, A.C. : Instituto Goethe México, A.C. : Secretaría de Cultura, Gobierno del Estado de Puebla : UNAM
Fecha de publicación, distribución, etc. 1995
300 ## - DESCRIPCIÓN FÍSICA
Extensión 356 p., 27 laminas
Otras características físicas il.
Dimensiones 27 cm.
500 ## - NOTA GENERAL
Nota general Au2198
650 14 - PUNTO DE ACCESO ADICIONAL DE MATERIA--TÉRMINO DE MATERIA
Término de materia o nombre geográfico como elemento de entrada Alemanes
Subdivisión de forma Congresos
Subdivisión geográfica Mexico
9 (RLIN) 28064
650 14 - PUNTO DE ACCESO ADICIONAL DE MATERIA--TÉRMINO DE MATERIA
Término de materia o nombre geográfico como elemento de entrada Alemanes
Subdivisión de forma Congresos
Subdivisión geográfica Latino América
9 (RLIN) 28065
650 14 - PUNTO DE ACCESO ADICIONAL DE MATERIA--TÉRMINO DE MATERIA
Término de materia o nombre geográfico como elemento de entrada Inmigrantes
Subdivisión de forma Congresos
Subdivisión geográfica Mexico
9 (RLIN) 28066
650 14 - PUNTO DE ACCESO ADICIONAL DE MATERIA--TÉRMINO DE MATERIA
Término de materia o nombre geográfico como elemento de entrada Refugiados politicos
Subdivisión de forma Congresos
Subdivisión geográfica Alemania
9 (RLIN) 28067
650 14 - PUNTO DE ACCESO ADICIONAL DE MATERIA--TÉRMINO DE MATERIA
Término de materia o nombre geográfico como elemento de entrada Refugiados politicos
Subdivisión de forma Congresos
Subdivisión geográfica Mexico
9 (RLIN) 28068
700 1# - PUNTO DE ACCESO ADICIONAL--NOMBRE DE PERSONA
Nombre de persona Hanffstengel, Renata von
Fechas asociadas al nombre 1934-
Término indicativo de función/relación ed.
9 (RLIN) 28069
700 1# - PUNTO DE ACCESO ADICIONAL--NOMBRE DE PERSONA
Nombre de persona Tercero Vasconcelos, Cecilia
Término indicativo de función/relación ed.
9 (RLIN) 28070
902 ## - CATALOGADOR
Iniciales GRL
942 ## - ELEMENTOS DE PUNTO DE ACCESO ADICIONAL (KOHA)
Fuente del sistema de clasificación o colocación Library of Congress Classification
Tipo de ítem Koha Libros
Holdings
Estado de retiro Estado de pérdida Estado dañado No para préstamo Localización permanente Ubicación/localización actual Fecha de adquisición Número de inventario Total de préstamos Signatura topográfica completa Código de barras Fecha visto por última vez Precio válido a partir de Tipo de ítem Koha
El ejemplar forma parte de la colección y puede ser consultado según las políticas vigentes.       Biblioteca Centro de Estudios Ruth D. Lechuga Biblioteca Centro de Estudios Ruth D. Lechuga 10/08/2015 Au2198   F1392.G4 .M64 1995 (Au2198) GRL02042 22/03/2019 22/03/2019 Libros